[Event "Dreifluesse op 7th"]
[Site "Passau"]
[Date "1999.04.02"]
[Round "1"]
[White "Prusikin, Mikhajlo"]
[Black "Stein, Matthias"]
[Result "1-0"]
[WhiteElo "2445"]
[BlackElo "1940"]

1.d4 Nf6 2.c4 g6 3.Nc3 Bg7 4.e4 d6 5.Nf3 O-O 6.Be2 e5 7.O-O Nc6 8.d5 Ne7
9.a4 Ne8 10.a5 c5 11.Bd2 f5 12.exf5 gxf5 13.Qb1 Bd7 14.b4 b6 15.Ra3 h6 16.Ne1 f4
17.Ne4 Nf5 18.Bg4 Nf6 19.Nxf6+ Rxf6 20.Nf3 Rf8 21.axb6 axb6 22.Rxa8 Qxa8
23.Nh4 Nxh4 24.Bxd7 Qd8 25.Be6+ Kh8 26.Qe4 Qf6 27.Ra1 Qg6 28.Qxg6 Nxg6 29.h3 Rb8
30.Bf5 Ne7 31.Be4 Bf8 32.Ra7 Kg8 33.Kf1 Nc8 34.Rc7 Ra8 35.Ke2 Rb8 36.g3 fxg3
37.fxg3 Ne7 38.Rd7 Kf7 39.Rxd6 Nc6 40.Rd7+ Kf6 41.Bf5 Kxf5 42.bxc5 bxc5 43.Kd3 Rb3+
44.Bc3 Kg6 45.Ke2  1-0

[Event "Dreifluesse op 7th"]
[Site "Passau"]
[Date "1999.04.02"]
[Round "1"]
[White "Opalic, Momcilo"]
[Black "Socko, Bartosz"]
[Result "0-1"]
[WhiteElo "1963"]
[BlackElo "2497"]

1.d4 Nf6 2.Nf3 g6 3.c4 Bg7 4.Nc3 O-O 5.e4 d6 6.Be2 e5 7.O-O Nc6 8.d5 Ne7
9.Ne1 Nd7 10.Be3 f5 11.f3 f4 12.Bf2 g5 13.b4 Rf6 14.c5 a6 15.Rc1 Rh6 16.Na4 Qe8
17.Kh1 Kh8 18.cxd6 cxd6 19.Rc7 b5 20.Nb2 Nf6 21.a4 Qh5 22.Bg1 Nfxd5 23.Rxc8+ Rxc8
24.exd5 Nf5 25.h3 e4 26.Kh2 e3 27.Ned3 Nh4  0-1

[Event "Dreifluesse op 7th"]
[Site "Passau"]
[Date "1999.04.02"]
[Round "2"]
[White "Solonar, Stephan"]
[Black "Gruettner, Ralf"]
[Result "1/2-1/2"]
[WhiteElo "2307"]
[BlackElo "2090"]

1.Nf3 Nf6 2.c4 g6 3.Nc3 Bg7 4.e4 d6 5.d4 O-O 6.Be2 e5 7.O-O Nc6 8.d5 Ne7
9.Nd2 Ne8 10.b4 Bh6 11.c5 f5 12.Bb2 Bxd2 13.Qxd2 f4 14.a4 g5 15.c6 b5 16.Nxb5 Ng6
17.f3 h5 18.Rfc1 g4 19.Bf1 Rf7 20.Kh1 Rg7 21.Qf2 Nh4  1/2-1/2

[Event "Foxwoods op"]
[Site "Mashantucket"]
[Date "1999.04.03"]
[Round "4"]
[White "Kaufman, Larry C"]
[Black "Resika, Nathan A"]
[Result "1/2-1/2"]
[WhiteElo "2410"]
[BlackElo "2134"]

1.d4 Nf6 2.c4 d6 3.Nc3 g6 4.e4 Bg7 5.Nf3 O-O 6.Be2 e5 7.O-O Nc6 8.d5 Ne7
9.Nd2 a5 10.a3 c5 11.Rb1 Ne8 12.b4 axb4 13.axb4 b6 14.bxc5 bxc5 15.Nb3 f5
16.f3 Kh8 17.Bd2 Ng8 18.Ra1 Rxa1 19.Qxa1 Qh4 20.Qe1 Qd8 21.Nb5 fxe4 22.fxe4 Rxf1+
23.Bxf1 Bh6 24.Bc3 Qg5 25.Kh1 Ngf6 26.Bd2 Qh5 27.Be2 Bxd2 28.Nxd2 Qg5 29.Bf3 Kg7
30.Nf1 h5 31.h3 Qf4 32.Qe3  1/2-1/2

[Event "Dreifluesse op 7th"]
[Site "Passau"]
[Date "1999.04.03"]
[Round "3"]
[White "Knollhuber, Peter"]
[Black "Seidel, Michael"]
[Result "0-1"]
[WhiteElo "1730"]
[BlackElo "2090"]

1.d4 Nf6 2.Nf3 g6 3.c4 Bg7 4.Nc3 d6 5.e4 O-O 6.Be2 e5 7.O-O Nc6 8.d5 Ne7
9.Nd2 Ne8 10.a3 f5 11.b4 Bh6 12.Nb3 Bxc1 13.Rxc1 Rf7 14.c5 a6 15.Nd2 Kh8
16.Re1 Ng8 17.Nc4 Nef6 18.f3 f4 19.Qc2 g5 20.Na4 Nd7 21.Na5 Ndf6 22.Nc4 Nd7
23.Na5 Ndf6 24.Red1 h5 25.Nc4 Nd7 26.Na5 Ndf6 27.Nc4 Nd7 28.Rd3 Rg7 29.Rc3 b5
30.cxb6 g4 31.bxc7 Qh4 32.Ncb6 g3 33.h3 Nxb6 34.Nxb6 Bxh3 35.Kf1 Bxg2+ 36.Ke1 Bh3
37.Nxa8 g2+ 38.Kd2 Qf2 39.Qd3 Bc8 40.b5 g1=Q 41.Rxg1 Rxg1 42.b6 Qe1+ 43.Kc2 Qa1
44.Kb3 Rb1+ 45.Ka4 h4 46.Ka5 h3 47.Rb3 Rxb3 48.Qxb3 Qe1+ 49.Qb4 Qxe2 50.b7 Bxb7
51.Qxb7 Qd2+ 52.Kxa6 Ne7 53.Nb6 Qd3+ 54.Ka7 h2 55.Qb8+ Kg7 56.c8=Q Nxc8+
57.Nxc8 h1=Q  0-1

[Event "Dreifluesse op 7th"]
[Site "Passau"]
[Date "1999.04.03"]
[Round "3"]
[White "Duebon, Pierre"]
[Black "Stein, Matthias"]
[Result "1/2-1/2"]
[WhiteElo "2175"]
[BlackElo "1940"]

1.d4 Nf6 2.c4 g6 3.Nc3 Bg7 4.e4 d6 5.Nf3 O-O 6.Be2 e5 7.O-O Nc6 8.d5 Ne7
9.Ne1 Ne8 10.Be3 f5 11.f3 c5 12.a3 b6 13.b4 Bd7 14.Rb1 Rb8 15.Nd3 Nf6 16.Nf2 f4
17.Bd2 a6 18.Qc2 g5 19.bxc5 bxc5 20.Rxb8 Qxb8 21.Rb1 Qe8 22.Rb6 Nc8 23.Rxa6 h5
24.Nb5 Qg6 25.Nc7 g4 26.Ne6 g3 27.hxg3 fxg3 28.Nh3 Bxe6 29.dxe6 Bh6 30.Qc1 Bxd2
31.Qxd2 Nh7 32.e7 Re8 33.Rc6 Qe6 34.Qd5 Qxd5 35.exd5 Nxe7 36.Rxd6 Rb8 37.Re6 Rb1+
38.Bf1 Nf5 39.Rxe5 Nd4 40.d6 Nf6 41.Rg5+ Kf8 42.Nf4 Nb3 43.Nd3 Ra1 44.a4 Nd7
45.Rxg3 Rxa4 46.Nf4 Nd2 47.Ng6+ Kf7  1/2-1/2

[Event "Dreifluesse op 7th"]
[Site "Passau"]
[Date "1999.04.03"]
[Round "4"]
[White "Opalic, Momcilo"]
[Black "Campe, Herbert"]
[Result "1-0"]
[WhiteElo "1963"]
[BlackElo "1700"]

1.d4 Nf6 2.c4 g6 3.Nc3 Bg7 4.e4 d6 5.Nf3 O-O 6.Be2 e5 7.O-O Nc6 8.d5 Ne7
9.b4 Nd7 10.Ne1 f5 11.f3 Nf6 12.Be3 c6 13.Rc1 a5 14.b5 c5 15.Nd3 fxe4 16.fxe4 b6
17.Bf3 Ra7 18.Rc2 Bd7 19.Rcf2 Kh8 20.Nb2 Neg8 21.Nba4 Bc8 22.Bg5 Raf7 23.Qe2 Bd7
24.Nd1 Ne7 25.Ne3 Nc8 26.Ng4 Qe8 27.Nh6 Re7 28.Bg4 Bxg4 29.Nxg4 Nxg4 30.Rxf8+ Bxf8
31.Bxe7 Bxe7 32.Qxg4 Bf8 33.Qe6 Qxe6 34.dxe6 Kg8 35.Rf7 Be7 36.Kf2 Bd8 37.Rb7  1-0

[Event "Foxwoods op"]
[Site "Mashantucket"]
[Date "1999.04.04"]
[Round "7"]
[White "Kaufman, Larry C"]
[Black "Fedorowicz, John P"]
[Result "1/2-1/2"]
[WhiteElo "2410"]
[BlackElo "2574"]

1.d4 Nf6 2.Nf3 g6 3.c4 Bg7 4.Nc3 O-O 5.e4 d6 6.Be2 e5 7.O-O Nc6 8.d5 Ne7
9.Nd2 a5 10.a3 Bd7 11.Rb1 a4 12.b3 axb3 13.Nxb3 b6 14.Ra1 Qe8 15.Be3 Kh8
16.Nd2 Nfg8 17.a4 f5 18.f3 Bh6 19.Bxh6 Nxh6 20.a5 Qb8 21.Kh1 Rxa5 22.Rxa5 bxa5
23.Qa1 Qa7 24.f4 Nf7 25.Nf3 Re8 26.fxe5 dxe5 27.Nb5 Bxb5 28.Nxe5 Kg8 29.Nxf7 Kxf7
30.cxb5 Qe3 31.Qa2 Kf8 32.d6 cxd6 33.exf5 Nxf5 34.Bg4 Qf4 35.Be2 Qe5 36.Bd3 Kg7
37.Bxf5 Qxf5 38.Qa1+ Qe5 39.Qxa5 h5 40.Qa1 Qxa1 41.Rxa1 Rb8 42.Rb1 Kf6 43.Kg1 Ke5
44.Kf2 Kd4 45.Rd1+  1/2-1/2

[Event "Dreifluesse op 7th"]
[Site "Passau"]
[Date "1999.04.04"]
[Round "6"]
[White "Solonar, Stephan"]
[Black "Bobrowska, Monika"]
[Result "0-1"]
[WhiteElo "2307"]
[BlackElo "2440"]

1.Nf3 Nf6 2.c4 g6 3.Nc3 Bg7 4.e4 d6 5.d4 O-O 6.Be2 e5 7.O-O Nc6 8.d5 Ne7
9.Nd2 Ne8 10.b4 f5 11.c5 Bh6 12.Ba3 Bxd2 13.Qxd2 f4 14.f3 Kh8 15.g4 Ng8 16.Qe1 h5
17.h3 Nh6 18.Kg2 Kg7 19.b5 hxg4 20.hxg4 Qg5 21.Rh1 Nxg4 22.fxg4 Bxg4 23.Bf3 Bh5+  0-1

[Event "St Petersburg-ch"]
[Site "St Petersburg"]
[Date "1999.04.06"]
[Round "1"]
[White "Novikov, Mikhail V"]
[Black "Lugovoi, Aleksei"]
[Result "0-1"]
[WhiteElo "2402"]
[BlackElo "2510"]

1.d4 Nf6 2.Nf3 g6 3.c4 Bg7 4.Nc3 O-O 5.e4 d6 6.Be2 e5 7.O-O Nc6 8.Be3 Ng4
9.Bg5 f6 10.Bc1 Kh8 11.d5 Ne7 12.Ne1 Nh6 13.Nd3 Nf7 14.Kh1 c6 15.Bd2 f5 16.exf5 gxf5
17.f4 b5 18.fxe5 dxe5 19.Nb4 bxc4 20.Bxc4 Nd6 21.Bb3 c5 22.Nc6 Nxc6 23.dxc6 Ba6
24.Rf2 Nc4 25.Qe2 Nxd2 26.Qxa6 e4 27.Be6 Qd6 28.Nb5 Qxe6 29.Rxd2 Be5 30.h3 f4
31.Qb7 f3 32.Qd7 Qh6 33.Nd6 fxg2+ 34.Kg1  0-1

[Event "St Petersburg-ch"]
[Site "St Petersburg"]
[Date "1999.04.07"]
[Round "2"]
[White "Ivanov, Sergey"]
[Black "Nikolaev, Nikita"]
[Result "1/2-1/2"]
[WhiteElo "2528"]
[BlackElo "2329"]

1.d4 Nf6 2.c4 g6 3.Nc3 Bg7 4.e4 d6 5.Be2 O-O 6.Nf3 e5 7.O-O Nc6 8.d5 Ne7
9.b4 a5 10.Ba3 Nd7 11.Nd2 f5 12.bxa5 Rxa5 13.Bb4 Ra8 14.a4 Nc5 15.a5 Na6
16.Ba3 Kh8 17.Nb3 fxe4 18.Nxe4 Nf5 19.c5 Qh4 20.Bf3 dxc5 21.g3 Qd8 22.Nbxc5 Nxc5
23.Bxc5 Rf7 24.Bg2 Nd4 25.Bxd4 exd4 26.Nc5 Qd6 27.Ne6 Bxe6 28.dxe6 Rf5 29.Qd2 c6
30.Bh3 Re5 31.Rfe1 Rxe1+ 32.Rxe1 Qe7 33.Bf1 Re8 34.Bc4 Qc5 35.Rc1 Bf6 36.h4 Kg7
37.Bb3 Qa3 38.Rb1 Re7 39.Kg2 Qc5 40.Rc1 Qb5 41.Ba2 Qf5 42.Kg1 Qf3 43.Bc4 d3
44.Qxd3 Qxd3 45.Bxd3 Rxe6 46.a6 bxa6 47.Bxa6  1/2-1/2

[Event "Baden Casino op"]
[Site "Baden"]
[Date "1999.04.10"]
[Round "9"]
[White "Goldstern, Flip"]
[Black "Hitzgerova, Gabriela"]
[Result "1-0"]
[WhiteElo "2372"]
[BlackElo "2241"]

1.d4 Nf6 2.c4 g6 3.Nc3 Bg7 4.Nf3 d6 5.e4 O-O 6.Be2 e5 7.O-O Nc6 8.d5 Ne7
9.Ne1 Ne8 10.Nd3 f5 11.Bd2 Nf6 12.f3 f4 13.c5 g5 14.Rc1 Rf7 15.cxd6 cxd6
16.Nf2 h5 17.Nb5 Ng6 18.Qc2 Ne8 19.a4 Bf8 20.h3 Rg7 21.Qd1 Nh4 22.Rc3 a6
23.Na3 Bd7 24.a5 Rc8 25.Nc4 Nf6 26.Nb6 Rxc3 27.bxc3 Bc8 28.c4 Nd7 29.Nxd7 Qxd7
30.Qa1 Qe7 31.Qa3 Rg6 32.Rb1 Qg7 33.Bb4 Qf6 34.c5 g4 35.fxg4 f3 36.Bxf3 Nxf3+
37.Qxf3 hxg4 38.hxg4 Qh4 39.cxd6 Rf6 40.g3 Qg5 41.Qe2 Bxd6 42.Bd2 Qg6 43.g5 Rf7
44.Rb6 Rd7 45.Kg2 Rd8 46.Bb4 Kf8 47.Qc4  1-0

[Event "Golden Cleopatra op 3rd"]
[Site "Cairo"]
[Date "1999.04.11"]
[Round "1"]
[White "Amin, Ashraf"]
[Black "Hassan, Sayed Barakat"]
[Result "0-1"]
[WhiteElo "2253"]
[BlackElo "2345"]

1.d4 Nf6 2.c4 g6 3.Nc3 Bg7 4.e4 d6 5.Nf3 O-O 6.Be2 e5 7.O-O Nc6 8.d5 Ne7
9.Nd2 Nd7 10.b4 f5 11.c5 Nf6 12.f3 f4 13.Nc4 g5 14.a4 h5 15.Ba3 Ne8 16.b5 b6
17.cxd6 cxd6 18.Na2 Ng6 19.Nb4 Bf6 20.Nc6 Qd7 21.Bb4 g4 22.a5 bxa5 23.Rxa5 g3
24.Bd3 Bd8 25.Ra2 gxh2+ 26.Kh1 h4 27.Qa1 Rf7 28.Qc3 Rg7 29.Rfa1 h3 30.gxh3 Nh4
31.Bf1 Rg1+ 32.Kxh2 Qg7  0-1

[Event "St Petersburg-ch"]
[Site "St Petersburg"]
[Date "1999.04.11"]
[Round "6"]
[White "Biriukov, Oleg V"]
[Black "Lugovoi, Aleksei"]
[Result "0-1"]
[WhiteElo "2407"]
[BlackElo "2510"]

1.d4 Nf6 2.c4 g6 3.Nc3 Bg7 4.e4 d6 5.Nf3 O-O 6.Be2 e5 7.O-O Nc6 8.d5 Ne7
9.Ne1 Nd7 10.Nd3 f5 11.Bd2 Kh8 12.Rc1 Nf6 13.f3 f4 14.c5 Rf7 15.Nb5 Neg8
16.Ba5 b6 17.cxd6 cxd6 18.Be1 Bf8 19.Nb4 g5 20.Nc6 Qe8 21.Bb4 Rd7 22.Qc2 Qf7
23.a4 Qg7 24.Rfd1 g4 25.fxg4 a5 26.Ba3 Bb7 27.h3 Nh6 28.Bf3 Nf7 29.Kf1 h5
30.gxh5 Ng5 31.Qe2 Qh7 32.Rc4 Nxf3 33.Qxf3 Nxh5 34.Ke1 Ba6 35.Rd3 Rg7 36.Qf2 Ng3
37.Qf3 Qg6 38.Kf2 Qh6 39.Ke1 Nh1 40.Kf1 Qh4 41.Kg1 Ng3 42.Kh2 Rg6 43.Rdc3 Bxb5
44.axb5 Bg7 45.Qf2 Rg8 46.Na7 Bh6 47.Rc8 Bf8 48.Rc2 f3 49.Qxf3 Rf6 50.Qd3 Qf4
51.Qf3 Nf1+  0-1

[Event "Golden Cleopatra op 3rd"]
[Site "Cairo"]
[Date "1999.04.13"]
[Round "3"]
[White "Amin, Ashraf"]
[Black "Ezat, Mohamed"]
[Result "1/2-1/2"]
[WhiteElo "2253"]
[BlackElo "2270"]

1.d4 Nf6 2.c4 g6 3.Nc3 Bg7 4.e4 d6 5.Nf3 O-O 6.Be2 e5 7.O-O Nc6 8.d5 Ne7
9.Ne1 Nd7 10.f3 f5 11.Be3 f4 12.Bf2 g5 13.Nb5 b6 14.b4 a6 15.Nc3 Rf7 16.a4 a5
17.c5 Bf8 18.cxd6 cxd6 19.Nb5 Ng6 20.bxa5 bxa5 21.Na7 Nf6 22.Nxc8 Rxc8 23.Nd3 g4
24.Rb1 Rb8 25.Qc2 g3 26.hxg3 fxg3 27.Bxg3 Rc8 28.Qd2 Nh5 29.Bh2 Ngf4 30.Nxf4 exf4
31.Rfc1 Rxc1+ 32.Qxc1 Bg7 33.Qd2 Be5 34.Bf1 Qf6 35.Rd1 Rc7 36.Bb5 Bc3 37.Qf2 Bb4
38.Kf1 Bc5 39.Qd2 Qh4 40.g4 fxg3 41.Bg1 g2+ 42.Qxg2+ Rg7 43.Bf2 Rxg2 44.Bxh4 Rh2
45.Bg5 Ng3+ 46.Ke1 Bb4+ 47.Rd2 h5 48.Kd1 Bxd2 49.Bxd2 Rf2 50.e5 Rxd2+ 51.Kxd2 dxe5
52.Bd7 Kf7 53.Kd3 Ke7 54.Bh3 Kd6 55.Kc4 Ne2 56.Kb5 Kxd5 57.Kxa5 Nc3 58.Kb4 Nxa4
59.Kxa4 Kd4 60.Kb3 Ke3  1/2-1/2

[Event "Golden Cleopatra op 3rd"]
[Site "Cairo"]
[Date "1999.04.16"]
[Round "6"]
[White "Hakki, Imad"]
[Black "Abdel Aziem, Ramadan"]
[Result "0-1"]
[WhiteElo "2423"]
[BlackElo "2189"]

1.Nf3 Nf6 2.c4 g6 3.Nc3 Bg7 4.e4 d6 5.d4 O-O 6.Be2 e5 7.O-O Nc6 8.d5 Ne7
9.Nd2 Nd7 10.b4 f5 11.c5 fxe4 12.Ndxe4 Nf6 13.Nxf6+ Bxf6 14.Ne4 Bg7 15.Be3 Nf5
16.Bg5 Qd7 17.Bc4 h6 18.Bd2 Qe7 19.Rc1 Nd4 20.Re1 Bf5 21.f3 Bxe4 22.Rxe4 Kh7
23.Bd3 Kh8 24.Re1 g5 25.Be3 Nf5 26.Bf2 Qf7 27.Be4 Nd4 28.Bb1 Rae8 29.Qd3 Bf6
30.Re4 Re7 31.Rce1 Rfe8 32.g3 Kg8 33.Kg2 Kf8 34.Qc4 Bg7 35.Bxd4 exd4 36.Re6 Rxe6
37.dxe6 Qe7 38.Qd5 dxc5 39.bxc5 c6 40.Qb3 Rd8 41.f4 gxf4 42.Re4 f3+ 43.Qxf3+ Kg8
44.Qd3 Rf8 45.Rg4 Rf6 46.Qh7+ Kf8 47.Bf5 h5 48.Qxh5 Rh6 49.Qg5 Qxg5 50.Rxg5 Rf6
51.e7+ Ke8 52.Rxg7 Rxf5 53.g4 Rxc5 54.h4 d3 55.Kf2 Re5 56.Rg8+ Kxe7 57.Rg7+ Kd6
58.Rxb7 c5 59.g5 d2 60.Rb1 c4 61.g6 c3 62.g7 Re8 63.g8=Q Rxg8 64.Ke2 c2  0-1

[Event "ROM-chT"]
[Site "Sovata"]
[Date "1999.04.16"]
[Round "1"]
[White "Petre, Nad Titus"]
[Black "Vajda, Levente"]
[Result "0-1"]
[WhiteElo "2218"]
[BlackElo "2484"]

1.Nf3 Nf6 2.c4 g6 3.Nc3 Bg7 4.e4 d6 5.d4 O-O 6.Be2 e5 7.O-O Nc6 8.d5 Ne7
9.b4 Nh5 10.c5 Nf4 11.Bxf4 exf4 12.Rc1 a5 13.cxd6 cxd6 14.b5 a4 15.Qd3 Bd7
16.Nd2 f5 17.Rfe1 Nc8 18.Bf3 Nb6 19.Qb1 Qh4 20.Qb4 g5 21.g3 Qh6 22.exf5 fxg3
23.hxg3 g4 24.Bxg4 Qxd2 25.Qxd6 Bxc3 26.Red1 Qg5 27.Qxb6 Qxg4 28.Qc7 Qxf5
29.Qxc3 Qxf2+ 30.Kh1  0-1

[Event "Golden Cleopatra op 3rd"]
[Site "Cairo"]
[Date "1999.04.17"]
[Round "7"]
[White "Labib, Ibrahim Hasan"]
[Black "Rahman, Yehya"]
[Result "1-0"]
[WhiteElo "2405"]
[BlackElo "2310"]

1.d4 Nf6 2.c4 g6 3.Nc3 Bg7 4.e4 d6 5.Nf3 O-O 6.Be2 e5 7.O-O Nc6 8.d5 Ne7
9.b4 Nh5 10.Re1 a5 11.bxa5 Rxa5 12.Rb1 c5 13.Nd2 Nf4 14.Bf1 f5 15.g3 Nh5
16.exf5 Nxf5 17.Nde4 h6 18.Bg2 Nd4 19.a4 Rf7 20.Nb5 Ra6 21.Be3 Bf5 22.Rb2 Nf6
23.Nxf6+ Qxf6 24.Rd2 g5 25.Bxd4 exd4 26.Be4 Bd7 27.Bc2 Bf5 28.Re8+ Rf8 29.Rxf8+ Bxf8
30.Qf3 d3 31.Bxd3 Qa1+ 32.Rd1 Qxa4 33.Bxf5 Qxc4 34.Be6+  1-0

[Event "Golden Cleopatra op 3rd"]
[Site "Cairo"]
[Date "1999.04.18"]
[Round "8"]
[White "Hamed, Ahmed"]
[Black "Abdel Aziem, Ramadan"]
[Result "1-0"]
[WhiteElo "2349"]
[BlackElo "2189"]

1.d4 Nf6 2.c4 g6 3.Nc3 Bg7 4.e4 d6 5.Nf3 O-O 6.Be2 e5 7.O-O Nc6 8.d5 Ne7
9.b4 Ne8 10.c5 h6 11.Nd2 f5 12.Nc4 f4 13.a4 Kh8 14.Bb2 Ng8 15.Nb5 h5 16.Rc1 Nh6
17.h3 a6 18.Nba3 Nf6 19.Bf3 g5 20.Bxh5 g4 21.Bxg4 Nfxg4 22.hxg4 Bf6 23.cxd6 cxd6
24.Nxd6 Qxd6 25.Nc4 Qe7 26.g5 Bxg5 27.Nxe5 Kg8 28.Qh5 Qg7 29.d6 f3 30.Rc7 Be7
31.Ng6 Rf6 32.Bxf6 Qxf6 33.Nxe7+  1-0

[Event "BL2-S9899"]
[Site "Germany"]
[Date "1999.04.18"]
[Round "9.5"]
[White "Mueller, Markus"]
[Black "Taggatz, Mario"]
[Result "1/2-1/2"]
[WhiteElo "2110"]
[BlackElo "2222"]

1.Nf3 Nf6 2.c4 g6 3.Nc3 Bg7 4.e4 d6 5.d4 O-O 6.Be2 e5 7.O-O Nc6 8.d5 Ne7
9.Nd2 a5 10.Rb1 Nd7 11.a3 f5 12.b4 Kh8 13.Qc2 axb4 14.axb4 c6 15.dxc6 Nxc6
16.Nf3 Nf6 17.Bg5 h6 18.Bxf6 Bxf6 19.Rfd1 Nd4 20.Nxd4 exd4 21.Nb5 fxe4 22.Nxd4 Bxd4
23.Rxd4 Qf6 24.Rbd1 Qxf2+ 25.Kh1 Bg4 26.Rxe4 Bxe2 27.Qxe2 Ra2 28.Qxf2 Rfxf2
29.Rg1 Kg7 30.Re7+ Rf7 31.Re6 Rf6 32.Re7+  1/2-1/2

[Event "St Quentin op"]
[Site "St Quentin"]
[Date "1999.04.19"]
[Round "3"]
[White "Bouton, Christophe"]
[Black "Te, Roza"]
[Result "0-1"]
[WhiteElo "2238"]
[BlackElo "2280"]

1.c4 Nf6 2.Nc3 g6 3.d4 Bg7 4.e4 d6 5.Nf3 O-O 6.Be2 e5 7.O-O Nc6 8.d5 Ne7
9.Nd2 a5 10.Rb1 Nd7 11.a3 f5 12.b4 Nf6 13.f3 axb4 14.axb4 f4 15.c5 g5 16.Nc4 h5
17.Bd2 g4 18.Be1 Ng6 19.Ra1 Rxa1 20.Qxa1 g3 21.cxd6 cxd6 22.Qa5 Qe7 23.Qb6 Ne8
24.hxg3 fxg3 25.Bxg3 Qg5 26.Qf2 h4 27.Bh2 Nf4 28.Kh1 Nh5 29.Ra1 Ng3+ 30.Kg1 Nf6
31.Bxg3 hxg3 32.Qe3 Qh4 33.Kf1 Bh6 34.Qg1 Nxe4 35.Nxe4 Qxe4 36.Ke1 Qc2 37.Rd1 Qc3+
38.Nd2 e4  0-1

[Event "Metz op"]
[Site "Metz"]
[Date "1999.04.20"]
[Round "4"]
[White "Savchenko, Stanislav"]
[Black "Leygue, Dominique"]
[Result "1-0"]
[WhiteElo "2539"]
[BlackElo "2297"]

1.Nf3 Nf6 2.c4 g6 3.Nc3 Bg7 4.e4 O-O 5.d4 d6 6.Be2 e5 7.O-O Nc6 8.d5 Ne7
9.b4 a5 10.Ba3 axb4 11.Bxb4 b6 12.a4 Ne8 13.Nb5 f5 14.Nd2 f4 15.Ra3 Rf6 16.a5 c6
17.dxc6 Nxc6 18.axb6 Rxa3 19.Bxa3 Qxb6 20.Nb3 Bf8 21.Qc2 f3 22.Bxf3 Rxf3
23.gxf3 Bh3 24.Rd1 Qd8 25.Kh1 Qf6 26.Qe2 Bh6 27.Bc1 Bxc1 28.Rxc1 Ng7 29.Rg1 Nh5
30.Qd1 Nb4 31.Nxd6 Nf4 32.Nc1 Kg7  1-0

[Event "Oceanic zt"]
[Site "Gold Coast"]
[Date "1999.04.21"]
[Round "9"]
[White "Allen, Andrew"]
[Black "Ilic, Ilija"]
[Result "1-0"]
[WhiteElo "2261"]
[BlackElo "2115"]

1.d4 d6 2.c4 Nf6 3.Nc3 g6 4.e4 Bg7 5.Nf3 O-O 6.Be2 Nc6 7.O-O e5 8.d5 Ne7
9.b4 a5 10.bxa5 h6 11.Ba3 Rxa5 12.Bb4 Ra8 13.c5 Ne8 14.Nd2 dxc5 15.Bxc5 b6
16.Bb4 Nd6 17.Nc4 f5 18.Nxd6 cxd6 19.f3 Bb7 20.Nb5 Rf6 21.a4 Nc8 22.Qc2 Rf7
23.Rfe1 h5 24.Nc7 Ra7 25.Ne6 Qe7 26.Qd2 Qf6 27.Bb5 Ra8 28.Ra3 Na7 29.Bxd6 Nxb5
30.axb5 Rxa3 31.Bxa3 fxe4 32.Re3 Rd7 33.fxe4 Qh4 34.Qe2 Bh6 35.Rh3 Qf6 36.Rf3 Qh4
37.Bb2 Rf7 38.Rxf7 Kxf7 39.Qf2+ Qxf2+ 40.Kxf2 Bc8 41.Bxe5 Bd2 42.Bd4 Ba5
43.Nc7 Ke7 44.e5 Kd7 45.d6 Bb7 46.Be3 Bb4 47.Bf4 Bc5+ 48.Kg3  1-0

[Event "Metz op"]
[Site "Metz"]
[Date "1999.04.23"]
[Round "7"]
[White "Savchenko, Stanislav"]
[Black "Degraeve, Jean Marc"]
[Result "1-0"]
[WhiteElo "2539"]
[BlackElo "2536"]

1.Nf3 Nf6 2.c4 g6 3.Nc3 Bg7 4.e4 d6 5.d4 O-O 6.Be2 e5 7.O-O Nc6 8.d5 Ne7
9.b4 a5 10.Ba3 axb4 11.Bxb4 Nd7 12.a4 Bh6 13.a5 f5 14.Bd3 Rf6 15.Nb5 Ra6
16.Re1 Rf7 17.c5 fxe4 18.cxd6 cxd6 19.Rxe4 Nf6 20.Rh4 Bf4 21.Rxf4 exf4 22.Ng5 Rf8
23.Nd4 Nexd5 24.Bc4 Rc6 25.Nxc6 bxc6 26.a6 Qd7 27.Qd4 h6 28.Ne4 Nxe4 29.Qxe4 Qg7
30.Re1 Rd8 31.Ba5 Rf8 32.Bb6 Bf5 33.Bxd5+ cxd5 34.Qxd5+ Qf7 35.Qxd6 Re8 36.Rxe8+ Qxe8
37.h3 f3 38.Qd5+ Qe6 39.Qxf3 Be4  1-0

[Event "PHI-ch"]
[Site "Quezon City"]
[Date "1999.04.24"]
[Round "4"]
[White "Ortiz, Eduardo"]
[Black "Chiong, Luiz"]
[Result "1-0"]
[WhiteElo "2356"]
[BlackElo "2390"]

1.d4 Nf6 2.c4 g6 3.Nc3 Bg7 4.e4 d6 5.Nf3 O-O 6.Be2 e5 7.O-O Nc6 8.d5 Ne7
9.b4 Kh8 10.c5 Ne8 11.Nd2 Ng8 12.Nc4 f5 13.a4 Nh6 14.Ra3 f4 15.a5 Nf7 16.a6 b6
17.Bg4 h5 18.Bxc8 Qxc8 19.Bb2 Bf6 20.Qd3 Be7 21.cxb6 cxb6 22.Rc1 f3 23.Nd1 Qd7
24.Qxf3 Ng5 25.Qe2 Kh7 26.Nd2 Nf6 27.Rc6 Rae8 28.b5 Bd8 29.Rg3 Nf7 30.Nf3 Ng8
31.Ne1 Bf6 32.Rgc3 Bd8 33.Bc1 Ne7 34.Rg3 Nxc6 35.bxc6 Qc8 36.Nc3 Bh4 37.Rf3 Kg8
38.h3 Ng5 39.Bxg5 Bxg5 40.Rg3 Qd8 41.Nb5 Kh7 42.c7 Qe7 43.Rc3 Rc8 44.Nf3 Bh6
45.Qc4 Rf7 46.Qc6 Qd7 47.Qxd7 Rxd7 48.Rc6 Kg8 49.Nxa7 Rcxc7 50.Nb5 Rxc6 51.dxc6 Rd8
52.Nxd6  1-0

[Event "Kastav"]
[Site "Kastav"]
[Date "1999.04.25"]
[Round "2"]
[White "Jelen, Igor"]
[Black "Jakubovic, Nedzad"]
[Result "0-1"]
[WhiteElo "2389"]
[BlackElo "2250"]

1.d4 Nf6 2.c4 g6 3.Nc3 Bg7 4.e4 d6 5.Nf3 O-O 6.Be2 e5 7.O-O Nc6 8.d5 Ne7
9.b4 Ne8 10.c5 h6 11.Nd2 f5 12.f3 f4 13.Nc4 g5 14.a4 Ng6 15.Ba3 Rf7 16.b5 Bf8
17.a5 b6 18.cxb6 cxb6 19.Bb4 Rb8 20.axb6 axb6 21.Na4 Nf6 22.Rc1 g4 23.fxg4 Rg7
24.Ncxb6 Nxe4 25.Qc2 Nc5 26.Bxc5 dxc5 27.Nxc8 Rxc8 28.Qc4 Kh8 29.Nc3 h5 30.gxh5 Nh4
31.Bf3 Qg5 32.Qe2 Nf5 33.Ne4 Qh6 34.Ra1 Be7 35.Ra6 Qh7 36.Rfa1 Nd4 37.Qf1 Rcg8
38.Ra8 Nf5 39.R1a2 Ne3 40.Qa1 Qf5 41.Rxg8+ Rxg8 42.d6 Bd8 43.Kh1 c4 44.d7 Qxd7
45.Qxe5+ Qg7 46.Qxf4 Bb6 47.h4 Rf8 48.Qd6 Bc7 49.Qg6 Be5 50.Qxg7+ Bxg7 51.Nc5 c3
52.b6 c2 53.Nb3 Be5 54.b7 Kg7 55.Ra8 Bb8 56.Kg1 Rd8 57.Kf2 Nd1+ 58.Kf1 Nc3
59.Kf2 Nd1+ 60.Ke2 Nc3+  0-1

[Event "Kastav"]
[Site "Kastav"]
[Date "1999.04.27"]
[Round "5"]
[White "Muhvic, Damir"]
[Black "Jakubovic, Nedzad"]
[Result "0-1"]
[WhiteElo "2236"]
[BlackElo "2250"]

1.d4 Nf6 2.c4 g6 3.Nc3 Bg7 4.e4 d6 5.Nf3 O-O 6.Be2 e5 7.O-O Nc6 8.d5 Ne7
9.b4 Ne8 10.c5 h6 11.Nd2 f5 12.f3 f4 13.Nc4 g5 14.a4 Rf7 15.Ba3 Ng6 16.a5 Bf8
17.Na4 Rg7 18.b5 g4 19.fxg4 Nf6 20.cxd6 cxd6 21.Nc3 Nh4 22.h3 h5 23.g3 fxg3
24.b6 hxg4 25.hxg4 Nxg4 26.Bxg4 Bxg4 27.Qd3 Qg5 28.Qxg3 Qh5 29.Kf2 Be2  0-1

[Event "Kastav"]
[Site "Kastav"]
[Date "1999.04.28"]
[Round "6"]
[White "Tratar, Marko"]
[Black "Muhvic, Damir"]
[Result "1-0"]
[WhiteElo "2450"]
[BlackElo "2236"]

1.Nf3 Nf6 2.c4 g6 3.Nc3 Bg7 4.e4 d6 5.d4 O-O 6.Be2 e5 7.O-O Nc6 8.d5 Ne7
9.Nd2 a5 10.Rb1 Nd7 11.a3 f5 12.b4 Kh8 13.Qc2 Ng8 14.f3 Bh6 15.Nb5 Be3+ 16.Kh1 axb4
17.axb4 Ngf6 18.c5 dxc5 19.Nb3 Bxc1 20.Rbxc1 fxe4 21.Nxc5 Nxc5 22.Qxc5 exf3
23.Bxf3 b6 24.Qc3 Ba6 25.Nxc7 Bxf1 26.Nxa8 Qxa8 27.Rxf1 Qb8 28.Re1 Rc8 29.Qa1 Qd6
30.g4 Nd7 31.g5 Rf8 32.Qc3 Kg8 33.Ra1 Qe7 34.Ra7 Qf7 35.Bg2 Qf5 36.h3 Rf7
37.d6 Kg7 38.Qe3 Qb1+ 39.Kh2 Qb2 40.Qe4 Qf2 41.Qg4 Nf8 42.Re7 Qe3 43.Qf3  1-0

[Event "Kastav"]
[Site "Kastav"]
[Date "1999.04.28"]
[Round "6"]
[White "Jelen, Igor"]
[Black "Zelenika, Srdjan"]
[Result "1-0"]
[WhiteElo "2389"]
[BlackElo "2266"]

1.d4 Nf6 2.c4 g6 3.Nc3 Bg7 4.e4 d6 5.Nf3 O-O 6.Be2 e5 7.O-O Nc6 8.d5 Ne7
9.b4 Nh5 10.Re1 a5 11.bxa5 Nf4 12.Bf1 Rxa5 13.a4 c5 14.Nb5 Ra6 15.Ra3 h6
16.Nd2 g5 17.g3 Nfg6 18.Be2 f5 19.exf5 Nxf5 20.Bh5 Nge7 21.Bg4 Kh8 22.Ne4 Ng8
23.Rf3 Bd7 24.Bb2 Nge7 25.Nexd6 Nxd6 26.Rxf8+ Qxf8 27.Bxd7 Nxc4 28.Bc3 Nb6
29.Be6 Rxa4 30.Nd6 Ng6 31.Nf7+ Kh7 32.d6 g4 33.d7 Bf6 34.d8=Q Bxd8 35.Qxd8 Qxd8
36.Nxd8  1-0

[Event "Kastav"]
[Site "Kastav"]
[Date "1999.04.29"]
[Round "8"]
[White "Tratar, Marko"]
[Black "Zelenika, Srdjan"]
[Result "1/2-1/2"]
[WhiteElo "2450"]
[BlackElo "2266"]

1.Nf3 Nf6 2.c4 g6 3.Nc3 Bg7 4.e4 d6 5.d4 O-O 6.Be2 e5 7.O-O Nc6 8.d5 Ne7
9.a4 a5 10.Ne1 Nd7 11.Nd3 f5 12.f3 f4 13.b3 g5 14.Ba3 Nf6 15.c5 Ne8 16.b4 Rf7
17.bxa5 h5 18.cxd6 cxd6 19.Bb4 Ng6 20.Nf2 Bf8 21.Nb5 Rg7 22.Na3 Nf6 23.h3 Nh4
24.Nc4 Ra6 25.Ra3 g4 26.fxg4 hxg4 27.hxg4 Nh5 28.Rh3 Ng3 29.Re1 Be7 30.Bf3 Bg5
31.Qd2 Be7 32.Rc1 Bd7 33.Qd1 Rh7 34.Kh2 Qe8 35.Nb6 Qd8 36.Qc2 Rxb6 37.axb6 Qxb6
38.Qd2 Bd8 39.a5 Qa6 40.Kg1 Nxf3+ 41.gxf3 Ne2+ 42.Kg2 Rxh3 43.Kxh3 Nxc1 44.Qxc1 Bxa5
45.Bxa5 Qxa5 46.Kg2 Kg7 47.Qb2 Qa6 48.Nh3 Kg6 49.Qf2 Bb5 50.Qh4 Bf1+ 51.Kg1 Bxh3
52.Qxh3 Qe2 53.Qh5+ Kg7 54.Qg5+ Kf7 55.Qf5+ Kg7 56.Qd7+ Kg8 57.Qe6+  1/2-1/2